| 000 | 00880nam a22002537a 4500 | ||
|---|---|---|---|
| 005 | 20230512123200.0 | ||
| 008 | 180116t xxu||||| |||| 00| 0 eng d | ||
| 020 | _a9789715845915 | ||
| 040 | _cCSPC | ||
| 082 | 0 |
_a 344.5990414 _bD350n |
|
| 100 |
_aDe Belen, Rustico T. _eauthor. |
||
| 245 | 0 | 0 |
_aNursing Law, Jurisprudence, and Professional Ethics / _cRustico T. De Belen, |
| 250 |
_a1st _bEdition |
||
| 260 |
_aQuezon City : _bC & E Publishing, _c2007. |
||
| 300 |
_avi, 593 pages : _btables ; _c22 cm. |
||
| 500 | _aIncludes Index, | ||
| 504 | _aIncludes Bibliography pages (573 to 579). | ||
| 650 | 1 | 0 |
_aNursing _vLaw & legislation _zPhilippines. |
| 700 | 1 |
_aDe Belen, Donna Vivian V., _eauthor. |
|
| 940 | _aLenie | ||
| 942 |
_cBOOK _jFIL 344.5990414 D350n 2007 |
||
| 999 |
_c610 _d610 |
||